Normal view
MARC view
- اليابان- علاقات اقتصادية خارجية - الولايات المتحدة الأمريكية -اليابان
Entry Topical Term
001 - CONTROL NUMBER
- control field: 20010
003 - CONTROL NUMBER IDENTIFIER
- control field: JO-AjAnu
005 - DATE AND TIME OF LATEST TRANSACTION
- control field: 20230606073504.0
008 - FIXED-LENGTH DATA ELEMENTS
- fixed length control field: 230606|| aca||aabn | a|a d
040 ## - CATALOGING SOURCE
- Original cataloging agency: JO-AjAnu
- Transcribing agency: JO-AjAnu
150 ## - HEADING--TOPICAL TERM
- Topical term or geographic name entry element: اليابان- علاقات اقتصادية خارجية - الولايات المتحدة الأمريكية -اليابان
670 ## - SOURCE DATA FOUND
- Source citation: Work cat.: (JO-AjAnu)10274: بات شوت ؛ ترجمة أحمد عبد الله كساب، طلعت غنيم حسن؛اشراف رفعت سيد احمد, author 20009, السادة الجدد : عملاء النفوذ وكيف سيطرت اليابان على النظام السياسي والاقتصاد الأمريكي